[Event "SRB-chT3 South"]
[Site "Serbia"]
[Date "2017.10.14"]
[Round "9.4"]
[White "Randjelovic, Nikola"]
[Black "Djordjevic, Miroslav"]
[Result "1-0"]
[WhiteElo "1885"]
[BlackElo "1976"]
[PlyCount "34"]
[EventDate "2017.09.03"]
[EventType "team-tourn"]
[EventRounds "11"]
[EventCountry "SRB"]
[SourceTitle "EXT 2022"]
[Source "ChessBase"]
[SourceDate "2021.10.06"]
[SourceVersion "1"]
[SourceVersionDate "2021.10.06"]
[SourceQuality "1"]

1. e4 c6 2. d4 d5 3. e5 Bf5 4. Nf3 e6 5. Be2 c5 6. Be3 Nd7 7. 0-0 Ne7 8. c4 cxd4 9. Nxd4 Bxb1 10. Rxb1 Nxe5 11. cxd5 Nxd5 12. Qa4+ Nd7 13. Bf3 Be7 14. Bxd5 exd5 15. Qb5 0-0 16. Qxd5 Nc5 17. Qf3 Qa5 1-0